Cooperative evangelism. (Record no. 2901)

MARC details
000 -LEADER
fixed length control field 00711nam a2200217I 4500
001 - CONTROL NUMBER
control field 27055
003 - CONTROL NUMBER IDENTIFIER
control field GBCCL
005 - DATE AND TIME OF LATEST TRANSACTION
control field 20241126110442.0
008 - FIXED-LENGTH DATA ELEMENTS--GENERAL INFORMATION
fixed length control field 761118s1958 miu 000 0 eng d
035 ## - SYSTEM CONTROL NUMBER
System control number (OCoLC)02566348
040 ## - CATALOGING SOURCE
Original cataloging agency IAG
Transcribing agency IAG
049 ## -
-- LBBK
082 ## - DEWEY DECIMAL CLASSIFICATION NUMBER
Classification number 269.2
Item number FER
092 ## - LOCALLY ASSIGNED DEWEY CALL NUMBER (OCLC)
Classification number 269.25
Item number F358
100 1# - MAIN ENTRY--PERSONAL NAME
Personal name Ferm, Robert O.,
Dates associated with a name 1911-
9 (RLIN) 6070
245 10 - TITLE STATEMENT
Title Cooperative evangelism.
Remainder of title Is Billy Graham right or wrong? Are his policies supported by Scripture and the great evangelists of history?
Statement of responsibility, etc. With a foreword by Stephen W. Paine.
260 ## - PUBLICATION, DISTRIBUTION, ETC.
Place of publication, distribution, etc. Grand Rapids, Mich.,
Name of publisher, distributor, etc. Zondervan Publishing House
Date of publication, distribution, etc. [c1958]
300 ## - PHYSICAL DESCRIPTION
Extent 99 p.
Dimensions 21 cm.
650 #0 - SUBJECT ADDED ENTRY--TOPICAL TERM
Topical term or geographic name entry element Evangelistic work.
9 (RLIN) 290
942 ## - ADDED ENTRY ELEMENTS (KOHA)
Source of classification or shelving scheme Dewey Decimal Classification
Koha item type Books
Koha issues (borrowed), all copies 3
Holdings
Withdrawn status Lost status Source of classification or shelving scheme Damaged status Not for loan Home library Current Library Shelving location Date acquired Total checkouts Full call number Barcode Date last seen Date last checked out Copy number Price effective from Koha item type Total renewals
    Dewey Decimal Classification     GRACE BIBLE COLLEGE GRACE BIBLE COLLEGE Ministry & Mission 2017-10-06 1 269.2 FER 000393 2025-05-01 2019-01-24 c.2 2017-10-06 Books  
    Dewey Decimal Classification     GRACE BIBLE COLLEGE GRACE BIBLE COLLEGE Ministry & Mission 2017-10-06 2 269.2 FER 000371 2025-05-01 2019-09-18 c.1 2017-10-06 Books 1
© Grace Bible College Library 2025